000 00749nam a2200265Ia 4500
003 OSt
005 20220918223440.0
006 a|||||r|||| 00| 0
007 ta
008 220917b |||||||| |||| 00| 0 eng d
024 _a222,748
037 _cTextual
040 _aARTS
_cARTS
_beng
041 _2eng
_aeng
082 _aWxI69,3, P3
100 _aNiccolo Machiavelli
_9145764
245 0 _aDiscourses
260 _aU.S.A.
_bPenguin books
_c2003
300 _a544p
_ccm.
650 _aPOLITICAL SCIENCE
700 _a Crick Bernard Ed.
_9145765
700 _a Walker Leslie J. Tr.
_9145766
942 _hWxI69,3, P3
_cTEXL
_2CC
999 _c278489
_d278489